000 00602nam a2200229Ia 4500
003 0100
008 130303s9999 xx 000 0 und d
040 _cARRUPELIB
050 _aJC423.T29 1989
100 _aTarrant, James M.
245 _aDemocracy and Education
260 _aEngland
260 _bAvebury
260 _C1944
300 _a201p.
300 _b 22cm
440 _aAvebury series in philosophy
650 _bCults--Addresses, essays, lectures
650 _cReligions--Addresses, essays, lectures
650 _dWitchcraft--Addresses, essays, lectures
942 _2lcc
_05
999 _c64397
_d64397